[Event "Michigan Juniors"]
[Site "East Grand Rapids"]
[Date "2005.03.19"]
[Round "2.19"]
[White "Hoitenga, Christopher"]
[Black "Applebee, Nick"]
[Result "0-1"]
[WhiteElo "634"]
[BlackElo "973"]
[PlyCount "108"]
[EventDate "2005.03.19"]
[EventType "swiss"]
[EventRounds "5"]
[EventCountry "USA"]
[SourceTitle "EXT 2006"]
[Source "ChessBase"]
[SourceDate "2005.11.24"]
[SourceVersion "1"]
[SourceVersionDate "2005.11.24"]
[SourceQuality "1"]

1. d4 d5 2. Nf3 Nc6 3. e3 Bf5 4. Bb5 a6 5. Bxc6+ bxc6 6. Nc3 Nf6 7. h3 e6 8. g4 Be4 9. Nxe4 Nxe4 10. 0-0 Bd6 11. g5 Nxg5 12. Nxg5 Qxg5+ 13. Qg4 Qg6 14. Qxg6 hxg6 15. Kg2 Kd7 16. f3 f5 17. b3 Rh7 18. c4 Rah8 19. Rh1 g5 20. a3 g4 21. fxg4 fxg4 22. h4 Rxh4 23. Rxh4 Rxh4 24. c5 Be7 25. Bd2 Bf6 26. a4 e5 27. Kg3 g5 28. Rf1 Ke7 29. Be1 exd4 30. Kg2 Rh3 31. exd4 Bxd4 32. b4 Bc3 33. Bxc3 Rxc3 34. Rf5 Rb3 35. b5 cxb5 36. Rxd5 bxa4 37. c6 Rb5 38. Rd7+ Ke6 39. Rxc7 Kd6 40. Ra7 Rb6 41. c7 Kd7 42. Kf2 a3 43. Ke3 a2 44. Kd4 a1Q+ 45. Kc5 Qa5+ 46. Kc4 Rc6+ 47. Kd4 Qc5+ 48. Ke4 Qxa7 49. Kf5 Kxc7 50. Kxg5 Qb6 51. Kxg4 Rc5 52. Kf4 Qb4+ 53. Ke3 Rc3+ 54. Kd2 Qb2+ 0-1